000 03114nam a22005415i 4500
001 978-3-319-50669-2
003 DE-He213
005 20210118122303.0
007 cr nn 008mamaa
008 170317s2017 gw | s |||| 0|eng d
020 _a9783319506692
_9978-3-319-50669-2
024 7 _a10.1007/978-3-319-50669-2
_2doi
050 4 _aRS380
050 4 _aRS190-210
072 7 _aTDCW
_2bicssc
072 7 _aMED072000
_2bisacsh
072 7 _aTDC
_2thema
082 0 4 _a615.19
_223
100 1 _aNahler, Gerhard.
_eauthor.
_4aut
_4http://id.loc.gov/vocabulary/relators/aut
245 1 0 _aDictionary of Pharmaceutical Medicine
_h[electronic resource] /
_cby Gerhard Nahler.
250 _a4th ed. 2017.
264 1 _aCham :
_bSpringer International Publishing :
_bImprint: Springer,
_c2017.
300 _aX, 396 p.
_bonline resource.
336 _atext
_btxt
_2rdacontent
337 _acomputer
_bc
_2rdamedia
338 _aonline resource
_bcr
_2rdacarrier
347 _atext file
_bPDF
_2rda
505 0 _aDictionary of pharmaceutical medicine -- Abbreviations/acronyms -- Selected bibliography -- Useful websites.
520 _aThis dictionary defines various terms typically used in pharmaceutical medicine. A new, 4th edition includes adaptations of the text to the steadily increasing regulatory requirements, particularly in the area of genetics/gene therapy, product quality (e.g., protection against falsified medicines) and of product safety (pharmacovigilance). Further evolving areas that are covered by the 4th edition are typical “grey zones” (health effects often borderline to medicinal products) such as cosmetics and dietary supplements where misleading information is prohibited on one hand but where any health claims need formal authorisation on the other. These but also other areas are reviewed and presented in an updated and – if justified – in an enlarged form.
650 0 _aPharmaceutical technology.
650 0 _aPharmacy.
650 1 4 _aPharmaceutical Sciences/Technology.
_0http://scigraph.springernature.com/things/product-market-codes/B21010
650 2 4 _aPharmacy.
_0http://scigraph.springernature.com/things/product-market-codes/F00008
710 2 _aSpringerLink (Online service)
773 0 _tSpringer eBooks
776 0 8 _iPrinted edition:
_z9783319506685
776 0 8 _iPrinted edition:
_z9783319506708
856 4 0 _uhttps://doi.org/10.1007/978-3-319-50669-2
912 _aZDB-2-SBL
999 _c445573
_d445573
942 _cEB
506 _aAvailable to subscribing member institutions only. Доступно лише організаціям членам підписки.
506 _fOnline access from local network of NaUOA.
506 _fOnline access with authorization at https://link.springer.com/
506 _fОнлайн-доступ з локальної мережі НаУОА.
506 _fОнлайн доступ з авторизацією на https://link.springer.com/